000 00612nam a22002057a 4500
999 _c14936
_d14936
003 OSt
005 20190925143531.0
008 190925b ||||| |||| 00| 0 eng d
020 _a9781138803176
040 _aDLC
_beng
_erda
_cNVIC
245 0 0 _aRoutledge Handbook of Islamic Law
264 1 _aNew York, NY:
_bRoutledge,
_c2019
300 _a449 p.,
_c27 cm
504 _aIncludes bibliographical references and index.
650 0 _aIslamic law
_xMethodology
_xHistory
700 1 _aKhaled Abou El Fadl
_eeditor
700 1 _aAhmad Atif Ahmad
_eeditor
700 1 _aSaid Fares Hassan
_eeditor
942 _2ddc
_cBK